Самоубийца; Мандат; Интермедии; Переписка с А. Степановой

Podrobná bibliografie
Hlavní autor: Эрдман Н. Р. Николай Р.
Jazyk:ruština
Vydáno: Екатеринбург, У-Фактория, 2000
Témata:
Médium: MixedMaterials Kniha
KOHA link:https://koha.lib.tpu.ru/cgi-bin/koha/opac-detail.pl?biblionumber=45449

MARC

LEADER 00000nam0a2200000 4500
001 45449
005 20231031023915.0
010 |a 5941760159 
035 |a (RuTPU)RU\TPU\book\47250 
090 |a 45449 
100 |a 20021210d2002 m y0rusy50 ca 
101 0 |a rus 
102 |a RU 
105 |a y z 000ay 
200 1 |a Самоубийца  |a Мандат  |a Интермедии  |a Переписка с А. Степановой  |f Н. Р. Эрдман 
210 |a Екатеринбург  |c У-Фактория  |d 2000 
215 |a 592 с. 
610 1 |a пьесы 
610 1 |a драматургия 
675 |a Р2  |v 3 
700 1 |a Эрдман  |b Н. Р.  |g Николай Р. 
801 1 |a RU  |b 63413507  |c 20021210  |g PSBO 
801 2 |a RU  |b 63413507  |c 20021219  |g PSBO 
942 |c BK